PRINCIPLES OF ENVIRONMENTAI STUDIES (ECOIO. ECONOMICS, MANAGEMENT, AND LAW) (Record no. 17175)

MARC details
000 -LEADER
fixed length control field 00435nam a22001577a 4500
003 - CONTROL NUMBER IDENTIFIER
control field OSt
005 - DATE AND TIME OF LATEST TRANSACTION
control field 20211108160108.0
008 - FIXED-LENGTH DATA ELEMENTS--GENERAL INFORMATION
fixed length control field 211108b |||||||| |||| 00| 0 eng d
020 ## - INTERNATIONAL STANDARD BOOK NUMBER
International Standard Book Number 8178001314
040 ## - CATALOGING SOURCE
Original cataloging agency HU
Transcribing agency DDC
082 ## - DEWEY DECIMAL CLASSIFICATION NUMBER
Classification number 344.04/MAN
245 ## - TITLE STATEMENT
Title PRINCIPLES OF ENVIRONMENTAI STUDIES (ECOIO. ECONOMICS, MANAGEMENT, AND LAW)
260 ## - PUBLICATION, DISTRIBUTION, ETC.
Place of publication, distribution, etc. BAZAR
Name of publisher, distributor, etc. B S PUBLICATIONS
Date of publication, distribution, etc. 344.04/MAN
300 ## - PHYSICAL DESCRIPTION
Extent XVII,305P21CM
942 ## - ADDED ENTRY ELEMENTS (KOHA)
Source of classification or shelving scheme Dewey Decimal Classification
Koha item type Books like text book referance book
Suppress in OPAC No
Holdings
Withdrawn status Lost status Source of classification or shelving scheme Damaged status Not for loan Home library Current library Shelving location Date acquired Total Checkouts Full call number Barcode Date last seen Copy number Price effective from Koha item type
    Dewey Decimal Classification     Law & Governance lLbrary Law & Governance lLbrary General Stacks 11/08/2021   344.04/MAN LGCLIB0000881 11/08/2021 C2 11/08/2021 Books like text book referance book
    Dewey Decimal Classification     Law & Governance lLbrary Law & Governance lLbrary General Stacks 11/08/2021   344.04/MAN LGCLIB0000882 11/08/2021 C3 11/08/2021 Books like text book referance book
    Dewey Decimal Classification     Law & Governance lLbrary Law & Governance lLbrary General Stacks 02/17/2022   344.04/MAN LGCLIB0000880 02/17/2022 c1 02/17/2022 Books like text book referance book